Central Library OPAC University of Rajshahi

ডানা : (Record no. 36780)

MARC details
000 -LEADER
fixed length control field 00796nam a2200241 a 4500
001 - CONTROL NUMBER
control field 36780
003 - CONTROL NUMBER IDENTIFIER
rucl marc code BD-RjUL
005 - DATE AND TIME OF LATEST TRANSACTION
control field 20211209052535.0
008 - FIXED-LENGTH DATA ELEMENTS--GENERAL INFORMATION
fixed length control field 140902s1959 ii ||||e |||| 000 0 ben d
020 ## - INTERNATIONAL STANDARD BOOK NUMBER
Terms of availability TK.3.50
035 ## - SYSTEM CONTROL NUMBER
System control number (BD-RjUL)36882
040 ## - CATALOGING SOURCE
Original cataloging agency BD-RjUL
Language of cataloging ben
Transcribing agency BD-RjUL
041 ## - LANGUAGE CODE
Language code of text/sound track or separate title ben
082 ## - DEWEY DECIMAL CLASSIFICATION NUMBER
Edition number 23
Classification number 891.443
Author mark and year BOD 1959
100 ## - MAIN ENTRY--PERSONAL NAME
Personal name বনফুল
9 (RLIN) 112199
245 10 - TITLE STATEMENT
Title ডানা :
Remainder of title প্রথম পরিচ্ছেদ /
Statement of responsibility, etc. বনফুল
250 ## - EDITION STATEMENT
Edition statement ২য় সং..
260 ## - PUBLICATION, DISTRIBUTION, ETC. (IMPRINT)
Place of publication, distribution, etc. কলিকাতা :
Name of publisher, distributor, etc. ডি এম লাইব্রেরী,
Date of publication, distribution, etc. ১৯৫৯ [১৩৬৬]
300 ## - PHYSICAL DESCRIPTION
Pagination [২], ১৪১পৃ. ;
Size ২২ সেমি.
650 ## - SUBJECT ADDED ENTRY--TOPICAL TERM
Topical term or geographic name as entry element বাংলা উপন্যাস
9 (RLIN) 120124
Topical term or geographic name as entry element Bengali Fiction
9 (RLIN) 120125
942 ## - ADDED ENTRY ELEMENTS (KOHA)
Source of classification or shelving scheme Dewey Decimal Classification
Koha item type Books
Holdings
Lost status Source of classification or shelving scheme Damaged status Not for loan Collection code Permanent Location Current Location Shelving location Date acquired Source of acquisition Cost, normal purchase price Total Checkouts Full call number Date last seen Copy number Koha item type
  Dewey Decimal Classification   Not For Loan Fiction Central Library, University of Rajshahi Central Library, University of Rajshahi Reading Room 20/10/1959 Warsi Book Centre, Dhaka 3.50   B 891.443 BOD 1959 02/09/2014 C-1 Books